| 000 | 00712nam a2200253 i 4500 | ||
|---|---|---|---|
| 001 | 8242 | ||
| 003 | ES-MaACL | ||
| 005 | 20250111062523.0 | ||
| 007 | t| | ||
| 008 | 920424s1991 sp ||||1| spa d | ||
| 020 | _a84-339-0930-4 | ||
| 080 | _a86-311.1"19" | ||
| 080 | _a86(Azúa,F.de.7 C.01) | ||
| 100 | 1 |
_aAzúa, Félix de, _d1944- _924368 |
|
| 245 | 1 | 0 |
_aCambio de bandera / _cFélix de Azúa. |
| 250 | _a[2ª ed.]. | ||
| 260 |
_aBarcelona : _bAnagrama, _c1991. |
||
| 300 |
_a254 p. : _b22 cm. |
||
| 490 | 1 |
_aNarrativas hispánicas ; _v120 |
|
| 830 | 0 | 0 |
_aNarrativas hispánicas (Anagrama) _v120 _9178124 |
| 852 |
_aES-MaACL _jL-15711 _bR.120045 |
||
| 942 | _2udc | ||
| 999 |
_c8242 _d8242 |
||